zpět

Detail výsledku týmu

Pod Komínem, Šumperk

Datum a čas kvízu

14 Celkem bodů Celkový počet nahraných bodů na tomto kvízu bez doplňovacích otázek.
5. Pořadí na kvízu Konečné umístění týmu na tomto kvízu.

Zaznamenané odpovědi

# Otázka Odpověď Body Výsledky
1. Jaroslav Foldyna z ČSSD si na... 1
2. Minulý týden byla v archivu v... 0
3. Největší úspěch na předávání E... 0
4. Evropské nezávislé konsorcium,... 1
5. Legendární norský běžec na lyž... 1
6. Co ukradli Františku Loukovi n... 0
7. Student Plha potká ve filmu Ma... 0
8. Jak se jmenují pletichářští rá... 0
9. "Tato kašna a vlasy paní sládk... 0
10. „Hele, Hanko, já ti musim něco... 1